| 000 | 00963nam a2200253Ia 4500 | ||
|---|---|---|---|
| 003 | OSt | ||
| 005 | 20220923224527.0 | ||
| 006 | a|||||r|||| 00| 0 | ||
| 007 | ta | ||
| 008 | 220922b |||||||| |||| 00| 0 hin d | ||
| 020 | _c250 | ||
| 024 | _a239,055 | ||
| 037 |
_b587, 23/03/2009, Vani Prakashan _cTextual |
||
| 040 |
_aARTS _cARTS _bhin |
||
| 041 |
_2hin _ahin |
||
| 082 | _aY:1.237k, 152P8 (RR) | ||
| 100 | _aसद्दीक मोहम्मद, संपा. | ||
| 245 | 0 | _aराजस्थानी संस्कृति कोश | |
| 246 | _aRājasthānī sanskṛuti kosha | ||
| 260 |
_aजोधपुर _b उप समिति राजस्थानी शब्द कोश कार्यालय _c2008 |
||
| 300 |
_a368पृ. _ccm. |
||
| 942 |
_hY:1.237k, 152P8 (RR) _cTEXL _2CC |
||
| 999 |
_c371991 _d371991 |
||